|
|
|
|
| LEADER |
00000nab a2200000 a 4500 |
| 001 |
vtls008408580 |
| 003 |
SK-MaSNL |
| 005 |
20260303070107.0 |
| 008 |
051109c2005 xo ur| 0 0slo |
| 038 |
|
|
|a RVGKPD
|
| 040 |
|
|
|a RVGKPD
|b slo
|c RVGKPD
|e AACR2
|
| 041 |
0 |
|
|a slo
|
| 044 |
|
|
|a xo
|c SK
|
| 080 |
|
|
|a 793.31
|2 UDC-MRF-SK2
|
| 080 |
|
|
|a 784.4
|2 UDC-MRF-SK2
|
| 245 |
0 |
0 |
|a Výročie
|c [autor] RON
|
| 610 |
2 |
7 |
|a Dedinská folklórna skupina (Rakovnica, Slovensko)
|2 rvgkpd
|9 1067063
|
| 651 |
|
7 |
|a Rakovnica (Slovensko)
|2 rvgkpd
|9 29093
|
| 773 |
0 |
|
|t Rakovnické obecné noviny
|g Roč. V, č. 4 (2005), s. 1
|
| 852 |
|
|
|a RVGKPD
|b KIS3G
|
| 992 |
|
|
|a RBX
|
| 999 |
|
|
|c 1753922
|d 1755852
|